000 01329nam a2200289 i 4500
001 135609
003 ES-MaACL
005 20250407175224.0
007 t|
008 070720q1943 sp ||||1| spa d
100 1 _aTorrejón y Boneta, Angel de.
_9110812
245 1 0 _aMapa Agronómico Nacional... Hoja nº 629. Toledo. Memoria. /
_cAngel de Torrejón y Boneta.
260 _aMadrid :
_b[s.n.],
_c[1943?] (
_fMarcén)
300 _a178 p., 3 h., 5 lám. pleg., 2 map. sueltos n. 629 :
_bil. ;
_c24 cm.
500 _aEs el n. 3.
500 _aPrecede al tít. Ministerio de Agricultura. Consejo Agronómico.
505 1 _aContiene:
_t1. Mapa Agronómico Nacional de España. Masas de cultivo y forestales. 629.
_t2. Mapa Agronómico Nacional de España. Zona de Suelos. 629.
510 _aCCPB,
_c000754859-1
710 2 _aConsejo Agronómico (España)
_95717
852 _aES-MaACL
_jD-6591
_bR.30926
_bR.M.6181
_9140513
_cPLANERO
_fSello en tinta azul de la Biblioteca del Ateneo de Madrid
852 _aES-MaACL
_jMAP-ARG/6-1
_bR.30926
_9204664
_cPLANERO
852 _aES-MaACL
_jMAP-ARG/6-2
_bR.30926
_9204665
_cPLANERO
942 _2udc
_cMONOGRAFIA
999 _c135609
_d135609